00397pab a2200133 454500008004000000100001900040245010000059260000900159300001400168362000800182650002600190650001200216773003500228180718b2007 xxu||||| |||| 00| 0 eng d aFuwa, Nobuhiko aPathways out of rural poverty: a case study in socio-economic mobility in the rural Philippines c2007 ap.123-44. aJan aPoverty - Philippines aPoverty aCambridge Journal of Economics